000 01732nam0a2200349 4500
001 RU\NLR\BIBL_A\022652673
005 20251125165932.0
010 _a978-5-91883-603-3
_9500
021 _aRU
_bКН-П-25-054351
_9КН-П-25-5245
035 _a(NLR Aleph) 022652673
090 _a13470272
_c13470272
100 _a20251023d2025 u y0rusy50 ca
101 0 _arus
102 _aRU
105 _aacbhz 010yy
181 0 _ai
_baxxe
182 0 _an
200 1 _aСлава тебе, солдат! Краснодарцы - защитники Отечества
_eк 80-летию Великой Победы
_e[сборник очерков]
_fБурмагин А. Г.
203 _aТекст
_bвизуальный
_cнепосредственный
210 _aКраснодар
_cТрадиция
_d2025
215 _a547, [1] с.
_cил., портр., факс., карт.
_d24
300 _aАвт. указан на обороте тит. с.
300 _aВ конце кн. авт.: А. Бурмагин - канд. ист. наук, лауреат лит. премии администрации Краснодар. края им. Е. Ф. Степановой
517 1 _aКраснодарцы - защитники Отечества
606 1 _aВеликая Отечественная война
_xГерои и героизм
_yКраснодарский край
_z1941 - 1945
_92485609
_3RU\NLR\AUTH\661475198
686 1 _aТ3(2)722.782(2Р-4Кр)
686 1 _aЦ35(2)722-424д(2Р-4Кр)
700 1 _aБурмагин
_bА. Г.
_f1962-
_gАлександр Геннадьевич
942 _cBOOK
980 _aNB